000 004060000a22001570004500
001 004290
003 MACL
040 _aMACL
090 _c16283
_d16282
100 _aChattopadhyaya, D.P.
245 _aThe Dawn Of Indian Civilization Up To 600 BC Volume 2 Part 2
_cD.P. Chattopadhyaya
260 _aCentre For Studies In Civilizations,
_c2004
350 _a1600
650 _aHistory
942 _k910
_cBook
999 _c16181
_d16181